The blood traitor / (Record no. 9635)

MARC details
000 -LEADER
fixed length control field 01601nam a22002537a 4500
001 - CONTROL NUMBER
control field 9635
003 - CONTROL NUMBER IDENTIFIER
control field FISKH
005 - DATE AND TIME OF LATEST TRANSACTION
control field 20260127094036.0
008 - FIXED-LENGTH DATA ELEMENTS--GENERAL INFORMATION
fixed length control field 260127b cb ||||| |||| 00| 0 eng d
020 ## - INTERNATIONAL STANDARD BOOK NUMBER
International Standard Book Number 9781529360462
040 ## - CATALOGING SOURCE
Original cataloging agency FISKH
Language of cataloging eng
Transcribing agency FISKH
Modifying agency FISKH
050 ## - LIBRARY OF CONGRESS CALL NUMBER
Classification number PZ7 .N64
082 ## - DEWEY DECIMAL CLASSIFICATION NUMBER
Classification number 823.92
100 ## - MAIN ENTRY--PERSONAL NAME
Personal name Noni, Lynette
245 ## - TITLE STATEMENT
Title The blood traitor /
Statement of responsibility, etc. Lynette Noni
250 ## - EDITION STATEMENT
Edition statement This edition publishe in 2024
260 ## - PUBLICATION, DISTRIBUTION, ETC.
Place of publication, distribution, etc. London :
Name of publisher, distributor, etc. Hodder Scape,
Date of publication, distribution, etc. 2022
300 ## - PHYSICAL DESCRIPTION
Extent 341 pages :
Dimensions 20 cm
490 ## - SERIES STATEMENT
Series statement The Prison Healer :
Volume/sequential designation Book 3
520 ## - SUMMARY, ETC.
Summary, etc. She'd failed them. All of them. And now she was paying the price.<br/><br/>Kiva thought she knew what she wanted—revenge. But feelings change, people change . . . everything has changed.<br/><br/>After what happened at the palace, Kiva is desperate to know if her friends and family are safe, and whether those she wronged can ever forgive her. But with the kingdoms closer to the brink of war than they've ever been, and Kiva far away from the conflict, more is at stake than her own broken heart.<br/><br/>A fresh start will mean a perilous quest, forcing mortal enemies and uneasy allies together in a race against the clock to save not just Evalon, but all of Wenderall. With her loyalties now set, Kiva can no longer just survive—she must fight for what she believes in. For who she believes in. But with danger coming from every side, and the lives of everyone she loves at risk, does she have what it takes to stand, or will she fall?<br/>
650 ## - SUBJECT ADDED ENTRY--TOPICAL TERM
Topical term or geographic name entry element Fantasy
Form subdivision Romance
General subdivision Young Adult
Chronological subdivision Prison Healer
942 ## - ADDED ENTRY ELEMENTS (KOHA)
Source of classification or shelving scheme Dewey Decimal Classification
Koha item type Books
Suppress in OPAC No
Holdings
Withdrawn status Lost status Source of classification or shelving scheme Damaged status Not for loan Collection Home library Current library Shelving location Date acquired Total Checkouts Full call number Barcode Date last seen Copy number Price effective from Koha item type
    Dewey Decimal Classification     Fiction Footprints International School Library Network Toul Kork Campus Footprints International School Library Network Toul Kork Campus A TK Campus, 4th Floor, Room B401, Fiction Bookcases (1-6) 01/27/2026   NON 823.92 PZ7 .N64 2026-0151 01/27/2026 1 01/27/2026 Books